Properties of matter (Record no. 544278)

000 -LEADER
fixed length control field 00363nam a22001337a 4500
082 ## - DEWEY DECIMAL CLASSIFICATION NUMBER
Classification number 530.412
Author Mark bal
-- L-6 , P-78
100 ## - MAIN ENTRY--PERSONAL NAME
Personal name Bali, R.N,
9 (RLIN) 39864
245 ## - TITLE STATEMENT
Title Properties of matter
Statement of responsibility, etc. Bali, R.N,
250 ## - EDITION STATEMENT
Edition statement 6th ed.
260 ## - PUBLICATION, DISTRIBUTION, ETC.
Place of publication, distribution, etc. delhi
Name of publisher, distributor, etc. ram lal pury
Date of publication, distribution, etc. c1959,
300 ## - PHYSICAL DESCRIPTION
Extent 277 p. :
Other physical details ill. :
Dimensions 18 cm.
526 ## - STUDY PROGRAM INFORMATION NOTE
Program name 0
Interest level 0
Reading level 0
Title point value 530_412000000000000_BAL
942 ## - ADDED ENTRY ELEMENTS (KOHA)
Source of classification or shelving scheme
Koha item type Book
Holdings
Withdrawn status Lost status Source of classification or shelving scheme Damaged status Not for loan Permanent Location Current Location Date acquired Total Checkouts Full call number Barcode Date last seen Price effective from Koha item type
          Military College of Engineering (MCE) Military College of Engineering (MCE) 04/16/2014   530.412 bal MCE-3382 04/16/2014 04/16/2014 Book
© 2023 Central Library, National University of Sciences and Technology. All Rights Reserved.